| 000 | 00486nam a2200193Ia 4500 | ||
|---|---|---|---|
| 003 | STCL | ||
| 008 | 221019s9999 xx 000 0 und d | ||
| 020 | _a9789384294847 | ||
| 040 |
_aSTCL _cSTCL _bEN |
||
| 082 | _222 | ||
| 100 | _aArup, Sarkar | ||
| 100 | _aMajumdar, Anadi | ||
| 245 | 0 | _aOrganic chemistry: Functional group approaches: Volume 2 | |
| 260 |
_bBooks and Allied _aKolkata _c2017 |
||
| 300 | _axx, 1026 p | ||
| 365 | _b745 | ||
| 546 | _aEnglish | ||
| 942 |
_cBK _2DDC _e22 |
||
| 999 |
_c87495 _d87495 |
||